Specific Relief Act/ (Record no. 208474)

MARC details
000 -LEADER
fixed length control field 00644nam a22002057a 4500
005 - DATE AND TIME OF LATEST TRANSACTION
control field 20250114144520.0
010 ## - LCCN (DPL NO)
LC control number ENG-143391
020 ## - INTERNATIONAL STANDARD BOOK NUMBER
Terms of availability 2995.00
International Standard Book Number 9789395116855
035 ## - SYSTEM CONTROL NUMBER
System control number EN-126923
037 ## - SOURCE OF ACQUISITION
Source of stock number/acquisition DBAD
082 ## - DEWEY DECIMAL CLASSIFICATION NUMBER
Classification number 347.54077
100 ## - MAIN ENTRY--PERSONAL NAME
Personal name Sarkar, Sudipto
245 00 - TITLE STATEMENT
Title Specific Relief Act/
Statement of responsibility, etc by Sudipto Sarkar [and] Sidharth Sethi
250 ## - EDITION STATEMENT
Edition statement 19
260 ## - PUBLICATION, DISTRIBUTION, ETC. (IMPRINT)
Place of publication, distribution, etc Gurgaon
Name of publisher, distributor, etc Lexis Nexis
Date of publication, distribution, etc 2024
270 ## - ADDRESS
Address 14th Floor, Bldg. No.10, Tower-B, DLF Cyber City, Phase-II
City Gurgaon
Postal code 122002
300 ## - PHYSICAL DESCRIPTION
Extent ccliii,1089p.
Dimensions 24cm(Hb)
700 ## - ADDED ENTRY--PERSONAL NAME
Personal name Sethi, Sidharth
Relator term Author
9 (RLIN) 76544
942 ## - ADDED ENTRY ELEMENTS (KOHA)
Source of classification or shelving scheme Dewey Decimal Classification
Item type English Books
Call number suffix SAR
Classification part 347.54077
Holdings
Withdrawn status Lost status Not for loan Collection code Home library Current library Date acquired Source of acquisition Cost, normal purchase price Full call number Barcode Copy number Cost, replacement price Koha item type
    Not For Loan Reference Central Library Central Library 14/01/2025 Delivery of Books Act Division 2995.00 SAR 347.54077 EN-126923 1 2995.00 English Books

© Delhi Public Library
Hit Counter
free hit counter